Gaming Quiz

Random Gaming or Typing Quiz

Call of Duty Zombies: Typing Challenge Quiz Stats

Quiz not verified by Sporcle

Challenge
Share
Tweet
Embed
Score 0/42 Timer 01:00
0 Plays Today
Word Type Here % Correct
????
100%
????
97.9%
????
96.9%
????
95.9%
????
93.8%
????
93.8%
????
93.8%
????
91.8%
????
90.7%
????
89.7%
????
88.7%
????
88.7%
????
86.6%
????
86.6%
????
86.6%
????
86.6%
????
83.5%
????
82.5%
????
78.4%
????
76.3%
????
75.3%
Word Type Here % Correct
????
64.9%
????
56.7%
????
52.6%
????
47.4%
????
42.3%
????
37.1%
????
28.9%
????
25.8%
????
23.7%
????
19.6%
????
17.5%
????
16.5%
????
14.4%
????
13.4%
????
12.4%
????
12.4%
????
9.3%
????
7.2%
????
6.2%
????
5.2%
????
5.2%

You're not logged in!

Compare scores with friends on all Sporcle quizzes.
Sign Up with Email
OR
Log In

You Might Also Like...

Show Comments

Extras

Top Quizzes Today


Score Distribution

Your Account Isn't Verified!

In order to create a playlist on Sporcle, you need to verify the email address you used during registration. Go to your Sporcle Settings to finish the process.